000 00280nam a2200109Ia 4500
008 190216s9999||||xx |||||||||||||| ||und||
100 _aVarier
245 0 _aSothanthriathinde Katha Vol I Ii Iii
260 _bKairali Childrens Book Trust
650 _aEssay Malayalam
942 _cBK
999 _c25699
_d25699